Guidelines for chemical transportation risk analysis.
Guardado en:
| Autor Corporativo: | |
|---|---|
| Formato: | Libro |
| Idioma: | English |
| Publicado: |
New York :
Center for Chemical Process Safety of the American Institute of Chemical Engineers,
c1995.
|
| Materias: | |
| Acceso en línea: | Descripción Tabla de contenido |
| Etiquetas: |
Agregar Etiqueta
Sin Etiquetas, Sea el primero en etiquetar este registro!
|
| LEADER | 01171cam a22002655a 4500 | ||
|---|---|---|---|
| 001 | EIQ.libpla002970 | ||
| 008 | 940216s1995####nyua#####b####001#0#eng#d | ||
| 005 | 20070926172529.0 | ||
| 245 | 0 | 0 | |a Guidelines for chemical transportation risk analysis. |
| 260 | |a New York : |b Center for Chemical Process Safety of the American Institute of Chemical Engineers, |c c1995. | ||
| 300 | |a xviii, 382 p. : |b il. ; |c 24 cm. | ||
| 504 | |a Incluye referencias bibliográficas (p. 341-362) e índice. | ||
| 020 | |a 0816906262 | ||
| 710 | 2 | |a American Institute of Chemical Engineers. |b Center for Chemical Process Safety. | |
| 246 | 3 | 0 | |a Chemical transportation risk analysis |
| 082 | 0 | 0 | |a 604/.7 |2 20 |
| 650 | 4 | |a Productos químicos |x Transportación. | |
| 650 | 4 | |a Productos químicos |x Medidas de seguridad. | |
| 650 | 4 | |a Chemicals |x Safety measures. | |
| 650 | 4 | |a Chemicals |x Transportation. | |
| 010 | |a 94008298 | ||
| 040 | |a DLC |c DLC |d AR-BbSID | ||
| 856 | 4 | 2 | |3 Descripción |u http://www.loc.gov/catdir/enhancements/fy0607/94008298-d.html |
| 856 | 4 | 1 | |3 Tabla de contenido |u http://www.loc.gov/catdir/enhancements/fy0607/94008298-t.html |
| 859 | |a AR-BbSID |b BIB. PLAPIQUI |h 660.280 4 |i G 942 |p 5273 | ||
